01300nam a22002537a 4500008004100000020001800041040000800059041000800067050002500075100003000100245002900130260003800159300002700197520048000224650004400704650004300748650004400791651004000835655002700875655002800902942000800930952009300938999001501031250703b |||||||| |||| 00| 0 eng d a9781805300175 ctbs aeng aPR6108.A39bH86 2013 aHaig, Matt914378eauthor aThe humansc/ Matt Haig. aLondon :bCanongate Books,c2023. ax, 308 pages ;c20 cm. aAfter an ''incident'' one wet Friday night where he was found walking naked through the streets of Cambridge, Professor Andrew Martin is not feeling quite himself. Food sickens him. Clothes confound him. Even his loving wife and teenage son are repulsive to him. He feels lost amongst an alien species and hates everyone on the planet. Everyone, that is, except Newton, (and he''s a dog). Who is he really? And what could make someone change their mind about the human race? 0aExtraterrestrial beingsvFiction925631 0aHuman-alien encountersvFiction925632 0aUniversity of CambridgevFiction925633 0aCambridge (England)vFiction925634 0aScience fiction922728 0aHumorous fiction922906 2lcc 00102lcc4070aTBSbTBSd2025-07-03l0oP-EN HAIpB05854r2025-07-03t1w2025-07-03y1 c4813d4813